| 000 | 01206pam a2200361 a 4500 | ||
|---|---|---|---|
| 001 | 1563633 | ||
| 003 | OSt | ||
| 005 | 20251202085801.0 | ||
| 008 | 920323s1992 caua b 001 0 eng | ||
| 010 | _a 92090724 | ||
| 020 |
_a0961820926 : _c$60.00 |
||
| 020 | _a9780961820923 | ||
| 035 | _a1563633 | ||
| 040 |
_aDLC _cDLC _dDLC |
||
| 050 | 0 | 0 |
_aBF432.C48 _bS28 1992 |
| 082 | 0 | 0 |
_a155.4/1393 _220 |
| 100 | 1 |
_aSattler, Jerome M., _d1931- |
|
| 245 | 1 | 0 |
_aAssessment of children / _cJerome M. Sattler. |
| 250 | _aRev. and updated 3rd ed. | ||
| 260 |
_aSan Diego : _bJ.M. Sattler, _cc1992. |
||
| 300 |
_axxviii, 1201 p. : _bill. ; _c27 cm. |
||
| 336 |
_atext _btxt _2rdacontent |
||
| 337 |
_aunmediated _bn _2rdamedia |
||
| 338 |
_avolume _bnc _2rdacarrier |
||
| 504 | _aIncludes bibliographical references and indexes. | ||
| 650 | 0 |
_aChildren _xIntelligence testing. |
|
| 650 | 0 |
_aAbility _xTesting. |
|
| 650 | 0 | _aIntelligence tests. | |
| 906 |
_a7 _bcbc _corignew _d1 _eopcn _f19 _gy-gencatlg |
||
| 942 |
_2lcc _cBK |
||
| 999 |
_c265411 _d265410 |
||